000 00432nam a2200157 i 4500
001 bg
245 0 _aTechnologie der Keramik. Bd.2, Mechanische Prozesse /
_cEberhard Krause [et al.].
260 _aBerlin :
_bVEB Verl. fur Bauwesen,
_c1982.
650 9 _aCeramika
_xtechnologia
700 1 _aKrause, Eberhard
040 _cBPK
041 _apol
080 _a666.3/.7
942 _cKS
008 s pl f |000 0 pol
999 _c22744
_d22744
856 _uhttp://koha.tu.koszalin.pl/cgi-bin/koha/opac-detail.pl?biblionumber=22744
_yKatalog online BPK